[Event "Boeblinger Open 2014"]
[Site "Boeblingen"]
[Date "2014.12.29"]
[Round "7"]
[White "Jelica, Mara"]
[Black "Vuckovic, Aleksandar"]
[Result "1/2-1/2"]
[WhiteElo "2191"]
[BlackElo "2337"]
[PlyCount "87"]
[EventDate "2014.??.??"]

1. e4 c5 2. Nf3 Nc6 3. d4 cxd4 4. Nxd4 g6 5. c4 Bg7 6. Be3 Nf6 7. Nc3 Ng4 8.
Qxg4 Nxd4 9. Qd1 Ne6 10. Qd2 Qa5 11. Be2 b6 12. O-O Bb7 13. f3 g5 14. Rab1 Rd8
15. b4 Qe5 16. Nb5 Qb8 17. Bxg5 Be5 18. f4 Bg7 19. Nc3 Nxg5 20. fxg5 Qe5 21.
Nd5 Qxe4 22. Nc7+ Kf8 23. Bh5 Qd4+ 24. Qxd4 Bxd4+ 25. Kh1 f6 26. Rbd1 Rc8 27.
Rxd4 Rxc7 28. gxf6 Rg8 29. fxe7+ Kxe7 30. Bf3 Rf8 31. Re1+ Kd8 32. Bxb7 Rxb7
33. Kg1 a5 34. a3 axb4 35. axb4 Ra7 36. h3 Ra2 37. Red1 Rf7 38. R1d2 Ra4 39. c5
bxc5 40. bxc5 Ra1+ 41. Rd1 Rxd1+ 42. Rxd1 Kc7 43. Rd6 h5 44. Rd5 1/2-1/2

[Event "Boeblinger Open 2014"]
[Site "Boeblingen"]
[Date "2014.12.29"]
[Round "7"]
[White "Kunin, Vitaly"]
[Black "Bai, Jinshi"]
[Result "0-1"]
[WhiteElo "2589"]
[BlackElo "2444"]
[PlyCount "114"]
[EventDate "2014.??.??"]

1. Nf3 Nf6 2. g3 g6 3. Bg2 Bg7 4. c4 c6 5. b3 Ne4 6. d4 d5 7. Bb2 O-O 8. Nbd2
Bf5 9. O-O Nd7 10. Nh4 Nxd2 11. Qxd2 Be6 12. Rac1 Nf6 13. f3 dxc4 14. bxc4 b5
15. cxb5 cxb5 16. a3 Bc4 17. Rfd1 Qb6 18. a4 a5 19. axb5 Qxb5 20. e4 Rfd8 21.
f4 e6 22. Ba3 Rac8 23. Qe1 Bb3 24. Rxc8 Rxc8 25. Rc1 Rxc1 26. Qxc1 Qc4 27. Qd2
Qc2 28. Qxa5 Qd1+ 29. Bf1 Qxd4+ 30. Kg2 Qxe4+ 31. Nf3 h6 32. Qd8+ Kh7 33. Qd3
Bd5 34. Qxe4 Nxe4 35. Bd3 Nd2 36. Be2 g5 37. fxg5 hxg5 38. g4 f5 39. Bc1 Nb3
40. Bxg5 fxg4 41. Kf2 Kg6 42. Bf4 gxf3 43. Bxf3 Kf5 44. Bc7 Bxf3 45. Kxf3 Be5
46. Bb6 Bxh2 47. Ke2 Ke4 48. Bd8 Bf4 49. Bf6 Be3 50. Kf1 Kf3 51. Ke1 Bd4 52.
Be7 e5 53. Kd1 e4 54. Bg5 Be5 55. Kc2 Nd4+ 56. Kb1 Bf4 57. Bf6 Nb5 0-1

[Event "Boeblinger Open 2014"]
[Site "Boeblingen"]
[Date "2014.12.29"]
[Round "7"]
[White "Kvetny, Mark"]
[Black "Ruff, Maximilian"]
[Result "1/2-1/2"]
[WhiteElo "2335"]
[BlackElo "2142"]
[PlyCount "101"]
[EventDate "2014.??.??"]

1. d4 d5 2. c4 e6 3. Nc3 Nf6 4. cxd5 exd5 5. Bg5 Nbd7 6. e3 c6 7. Bd3 Be7 8.
Qc2 Nh5 9. Bxe7 Qxe7 10. O-O-O Nb6 11. h3 g6 12. g4 Ng7 13. Nge2 Be6 14. Kb1
O-O-O 15. Na4 Nxa4 16. Qxa4 Kb8 17. Rc1 Ne8 18. Rc3 Nd6 19. Ra3 Nc8 20. Rc1 h5
21. b4 hxg4 22. hxg4 Bxg4 23. Nc3 Bf5 24. Bxf5 gxf5 25. b5 cxb5 26. Nxb5 a6 27.
Qa5 Rd7 28. Rb3 Rh6 29. Nc3 Rc6 30. Ka1 Qd8 31. Qa3 Nb6 32. Rcb1 Nc4 33. Qa4
Qc8 34. Rc1 Nd2 35. Ra3 Ne4 36. Kb2 Rdc7 37. Nxe4 Rxc1 38. Nc5 Rc4 39. Qa5
R7xc5 40. dxc5 Qxc5 41. Qxc5 Rxc5 42. Ra4 Rc4 43. Ra5 f4 44. Rxd5 fxe3 45. fxe3
Rc7 46. e4 Kc8 47. Kb3 Rd7 48. Rf5 Kd8 49. Rf6 Re7 50. Kc3 Rxe4 51. Rxf7
1/2-1/2

[Event "Boeblinger Open 2014"]
[Site "Boeblingen"]
[Date "2014.12.29"]
[Round "7"]
[White "Lampert, Jonas"]
[Black "Dann, Matthias"]
[Result "1/2-1/2"]
[WhiteElo "2453"]
[BlackElo "2457"]
[PlyCount "22"]
[EventDate "2014.??.??"]

1. e4 c5 2. Nf3 d6 3. d4 Nf6 4. Nc3 cxd4 5. Nxd4 a6 6. Bg5 e6 7. f4 h6 8. Bh4
Be7 9. Qf3 Nbd7 10. O-O-O Qc7 11. Bd3 g5 1/2-1/2

[Event "Boeblinger Open 2014"]
[Site "Boeblingen"]
[Date "2014.12.29"]
[Round "7"]
[White "Maier, Alexander"]
[Black "Rahnfeld, Jens"]
[Result "1/2-1/2"]
[WhiteElo "2315"]
[BlackElo "2100"]
[PlyCount "50"]
[EventDate "2014.??.??"]

1. e4 e5 2. Bc4 Nf6 3. d4 exd4 4. Nf3 Nc6 5. e5 d5 6. Bb5 Ne4 7. Nxd4 Bd7 8.
Bxc6 bxc6 9. O-O Bc5 10. f3 Ng5 11. f4 Ne4 12. Be3 Qb8 13. Nd2 Qxb2 14. Nxe4
dxe4 15. Qd2 Rd8 16. Rab1 Qxa2 17. Qe2 Be6 18. Nxe6 Bxe3+ 19. Qxe3 Qxe6 20.
Qxe4 O-O 21. Rb7 f6 22. Rxc7 fxe5 23. Rxa7 Rd5 24. Raa1 Qf5 25. Qxf5 Rxf5
1/2-1/2

[Event "Boeblinger Open 2014"]
[Site "Boeblingen"]
[Date "2014.12.29"]
[Round "7"]
[White "Meskovs, Nikita"]
[Black "Mihok, Oliver"]
[Result "0-1"]
[WhiteElo "2452"]
[BlackElo "2464"]
[PlyCount "54"]
[EventDate "2014.??.??"]

1. d4 d5 2. Nf3 Nf6 3. c4 e6 4. Nc3 c6 5. e3 Nbd7 6. Qc2 Bd6 7. Bd3 O-O 8. O-O
dxc4 9. Bxc4 a6 10. e4 e5 11. h3 b5 12. dxe5 Nxe5 13. Nxe5 Bxe5 14. Rd1 Qc7 15.
Be2 Re8 16. Bf3 c5 17. a4 Rb8 18. axb5 axb5 19. Nd5 Nxd5 20. Rxd5 c4 21. Be3
Bd7 22. Ra6 Ra8 23. Rxa8 Rxa8 24. Qd2 Be6 25. Rxb5 Ra1+ 26. Bd1 Qd6 27. Rd5
Bxd5 0-1

[Event "Boeblinger Open 2014"]
[Site "Boeblingen"]
[Date "2014.12.29"]
[Round "7"]
[White "Meskovs, Nikita"]
[Black "Mihok, Oliver"]
[Result "0-1"]
[WhiteElo "2452"]
[BlackElo "2464"]
[PlyCount "56"]
[EventDate "2014.??.??"]

1. d4 d5 2. Nf3 Nf6 3. c4 e6 4. Nc3 c6 5. e3 Nbd7 6. Qc2 Bd6 7. Bd3 O-O 8. O-O
dxc4 9. Bxc4 a6 10. e4 e5 11. h3 b5 12. dxe5 Nxe5 13. Nxe5 Bxe5 14. Rd1 Qc7 15.
Be2 Re8 16. Bf3 c5 17. a4 Rb8 18. axb5 axb5 19. Nd5 Nxd5 20. Rxd5 c4 21. Be3
Bd7 22. Ra6 Ra8 23. Rxa8 Rxa8 24. Qd2 Be6 25. Rxb5 Ra1+ 26. Bd1 Qd6 27. Rd5
Bxd5 28. exd5 Qb4 0-1

[Event "Boeblinger Open 2014"]
[Site "Boeblingen"]
[Date "2014.12.29"]
[Round "7"]
[White "Nguyen, Thai Dai Van"]
[Black "Fedorovsky, Michael"]
[Result "0-1"]
[WhiteElo "2212"]
[BlackElo "2443"]
[PlyCount "106"]
[EventDate "2014.??.??"]

1. e4 c5 2. Nf3 d6 3. Bb5+ Bd7 4. Bxd7+ Qxd7 5. O-O Nf6 6. Nc3 Nc6 7. d4 cxd4
8. Nxd4 g6 9. f3 Bg7 10. Be3 O-O 11. Nd5 e6 12. Nxf6+ Bxf6 13. c4 Rfd8 14. Rc1
Rac8 15. Qd2 Nxd4 16. Bxd4 Bxd4+ 17. Qxd4 Qa4 18. Rfd1 Qxa2 19. e5 dxe5 20.
Qxd8+ Rxd8 21. Rxd8+ Kg7 22. Rd2 Qa5 23. Rc3 Qc5+ 24. Kh1 g5 25. h3 Kg6 26. b3
b6 27. Rcd3 a5 28. Rd7 a4 29. bxa4 Qxc4 30. R7d6 h5 31. Rd1 Qxa4 32. Rb1 e4 33.
fxe4 Qxe4 34. Rdxb6 g4 35. R6b4 Qf5 36. hxg4 hxg4 37. R4b3 Qe5 38. g3 f5 39.
Kg2 Qd5+ 40. Kh2 Kg5 41. R1b2 Qd4 42. Rb4 Qh8+ 43. Kg1 Qc3 44. Kh2 e5 45. R4b3
Qe1 46. Rb8 Qf1 47. Rg8+ Kf6 48. Rh8 f4 49. Rg2 f3 50. Rb2 Qe2+ 51. Rxe2 fxe2
52. Rf8+ Ke7 53. Rf1 exf1=R 0-1

[Event "Boeblinger Open 2014"]
[Site "Boeblingen"]
[Date "2014.12.29"]
[Round "7"]
[White "Prohaszka, Peter"]
[Black "Noe, Christopher"]
[Result "1-0"]
[WhiteElo "2613"]
[BlackElo "2375"]
[PlyCount "187"]
[EventDate "2014.??.??"]

1. Nf3 Nf6 2. g3 b6 3. Bg2 Bb7 4. O-O e6 5. c4 c5 6. Nc3 Be7 7. d4 cxd4 8. Qxd4
d6 9. Bg5 a6 10. Bxf6 Bxf6 11. Qf4 O-O 12. Rfd1 Be7 13. Ne4 Bxe4 14. Qxe4 Ra7
15. Nd4 Qc8 16. b3 Bf6 17. a4 Qc5 18. e3 Rd7 19. Qb1 a5 20. Ra2 Na6 21. Bc6 Rc7
22. Be4 g6 23. Rad2 Rfc8 24. h4 Nb4 25. Nc2 Nxc2 26. Rxc2 Kg7 27. Kg2 h5 28.
Rcd2 Rd7 29. Bf3 Bc3 30. Rd3 Bf6 31. R1d2 Be5 32. Qd1 Bf6 33. Kh2 Be7 34. Bg2
Rdc7 35. f4 Kg8 36. e4 Re8 37. Qf3 Bf8 38. Bf1 Kh7 39. Be2 Kg7 40. Bd1 Be7 41.
Bc2 Rcc8 42. Bb1 Rcd8 43. Qf1 Bf6 44. Kh3 Be7 45. Bc2 Rf8 46. Qf3 Rde8 47. Re2
Bf6 48. Rd1 Rd8 49. Rf1 Rde8 50. Rg2 Rh8 51. Kh2 Ref8 52. Rgf2 Bd4 53. Rd2 Bf6
54. Rd3 Rd8 55. Bb1 Rhf8 56. Kh3 Rfe8 57. Rfd1 Be7 58. R1d2 Rc8 59. Qd1 Rb8 60.
Bc2 Rbc8 61. Re2 Rcd8 62. Qf1 Rf8 63. Qf3 Bf6 64. Red2 Be7 65. Bb1 Qg1 66. Rd1
Qc5 67. Kg2 Rc8 68. R1d2 Rfe8 69. Bc2 Rf8 70. Qd1 Rfe8 71. Rf3 Rf8 72. Rdf2 Bf6
73. Qd3 Rcd8 74. Qf1 Bd4 75. Rd2 Bf6 76. Rfd3 Be7 77. Qa1+ Kg8 78. Rf3 Kh7 79.
Re2 Kg8 80. Qb2 Rd7 81. Bb1 Rdd8 82. f5 Rfe8 83. fxe6 fxe6 84. e5 Rf8 85. Rxf8+
Rxf8 86. Bxg6 Qc6+ 87. Be4 d5 88. cxd5 exd5 89. Bf3 Qe6 90. Qd4 Kh8 91. Qxd5
Qg6 92. Qe4 Qe6 93. Qc6 Qxc6 94. Bxc6 1-0

[Event "Boeblinger Open 2014"]
[Site "Boeblingen"]
[Date "2014.12.29"]
[Round "7"]
[White "Schlecht, Daniel"]
[Black "Brunello, Marina"]
[Result "1-0"]
[WhiteElo "2366"]
[BlackElo "2254"]
[PlyCount "117"]
[EventDate "2014.??.??"]

1. d4 d5 2. c4 c6 3. Nf3 Nf6 4. e3 Bf5 5. Nc3 e6 6. Nh4 Be4 7. f3 Bg6 8. Qb3
Qb6 9. Nxg6 hxg6 10. Bd2 Nbd7 11. O-O-O Bd6 12. h3 Qxb3 13. axb3 Rc8 14. Kb1
Nh5 15. Bd3 Ng3 16. Rhe1 Nf5 17. cxd5 cxd5 18. Nb5 Bb8 19. e4 Ne7 20. Bb4 a6
21. Nd6+ Bxd6 22. Bxd6 Nf6 23. Bf1 Rc6 24. Bc5 Rc7 25. Rc1 O-O 26. e5 Nh5 27.
Bd6 Rd7 28. b4 b5 29. Rc3 Rc8 30. Ra3 Rc6 31. Rc1 Rxc1+ 32. Kxc1 Ng3 33. Bd3
Nef5 34. Bc5 Rc7 35. Rxa6 Nxd4 36. Ra8+ Kh7 37. Ra7 Rc8 38. Rxf7 Nc6 39. Rf8
Rc7 40. Bd6 Rb7 41. Re8 Nd4 42. Rb8 Ra7 43. Kb1 Nb3 44. Kc2 Nd4+ 45. Kc3 Nde2+
46. Bxe2 Nxe2+ 47. Kd2 Nf4 48. Rxb5 Ra2 49. g3 Nxh3 50. Kc2 d4 51. Ra5 d3+ 52.
Kxd3 Rxb2 53. Ra3 Nf2+ 54. Kc4 Nd1 55. Rb3 Rc2+ 56. Kd4 Nb2 57. b5 Rc4+ 58. Ke3
Na4 59. b6 1-0

[Event "Boeblinger Open 2014"]
[Site "Boeblingen"]
[Date "2014.12.29"]
[Round "7"]
[White "Schuler, Marc"]
[Black "Gheng, Josef"]
[Result "0-1"]
[WhiteElo "2127"]
[BlackElo "2315"]
[PlyCount "48"]
[EventDate "2014.??.??"]

1. Nf3 Nf6 2. g3 d5 3. Bg2 c6 4. d3 Nbd7 5. Nbd2 e5 6. e4 Bd6 7. O-O O-O 8. Qe2
Re8 9. c3 h6 10. h3 a5 11. Ne1 a4 12. Kh1 Nf8 13. f4 exf4 14. gxf4 Ng6 15. f5
Nf4 16. Qf3 N4h5 17. Nc2 Ng3+ 18. Kg1 dxe4 19. Nxe4 Nfxe4 20. dxe4 Nxf1 21.
Kxf1 b6 22. Be3 Ba6+ 23. Kg1 Bd3 24. Bg5 hxg5 0-1

[Event "Boeblinger Open 2014"]
[Site "Boeblingen"]
[Date "2014.12.29"]
[Round "7"]
[White "Schön, Ralf"]
[Black "Bodrozic, Tomislav"]
[Result "1/2-1/2"]
[WhiteElo "2157"]
[BlackElo "2323"]
[PlyCount "147"]
[EventDate "2014.??.??"]

1. c4 c5 2. Nc3 Nc6 3. g3 g6 4. Bg2 Bg7 5. Nf3 Nh6 6. O-O Nf5 7. d3 O-O 8. Bd2
d6 9. Rb1 Rb8 10. a3 b6 11. Nh4 Nxh4 12. Bxc6 Nf5 13. e3 Bb7 14. Qf3 Bxc6 15.
Qxc6 Rc8 16. Qa4 Rc7 17. Nd5 Rd7 18. Bc3 Bxc3 19. Nxc3 e6 20. b4 Qe7 21. Rfd1
Rfd8 22. Qc2 d5 23. cxd5 exd5 24. bxc5 Qxc5 25. Qb3 Qa5 26. Ne2 Rc7 27. e4 Nd6
28. exd5 Nf5 29. Rbc1 Rxc1 30. Rxc1 Qxd5 31. Qxd5 Rxd5 32. Rc3 Ra5 33. Kf1 Ra4
34. Rb3 Kg7 35. Ke1 Kf6 36. Kd2 Ke5 37. Kc3 Kd6 38. Kb2 Nd4 39. Nxd4 Rxd4 40.
Kc2 Ra4 41. Kd2 g5 42. h3 h5 43. Ke3 h4 44. g4 Ke6 45. f3 f5 46. gxf5+ Kxf5 47.
Rb5+ Kf6 48. Rb3 Ra5 49. Rc3 Re5+ 50. Kf2 Kf5 51. a4 b5 52. axb5 Rxb5 53. Ra3
a5 54. Ra4 Ke6 55. Ke3 Re5+ 56. Kf2 Kd6 57. Kg2 Rf5 58. Rc4 Rf8 59. Ra4 Ra8 60.
f4 gxf4 61. Kf3 Kc5 62. Rxf4 a4 63. Rxh4 a3 64. Rc4+ Kd5 65. Rc1 Kd4 66. h4
Kxd3 67. h5 Kd2 68. Ra1 Kc2 69. Kg4 Kb2 70. Rxa3 Kxa3 71. Kf5 Kb4 72. h6 Kc5
73. h7 Kd6 74. Kf6 1/2-1/2

[Event "Boeblinger Open 2014"]
[Site "Boeblingen"]
[Date "2014.12.29"]
[Round "7"]
[White "Vujic, Branimir"]
[Black "Konson, Konstantin"]
[Result "1-0"]
[WhiteElo "2351"]
[BlackElo "2198"]
[PlyCount "61"]
[EventDate "2014.??.??"]

1. d4 Nf6 2. Nf3 d5 3. Bf4 e6 4. e3 Bd6 5. Nbd2 Bxf4 6. exf4 Qd6 7. g3 b6 8. c3
O-O 9. Ne5 c5 10. Ndf3 cxd4 11. Nxd4 Ne4 12. Bd3 f6 13. Nc4 Qe7 14. Ne3 Bb7 15.
Qc2 Nc6 16. Nxc6 Bxc6 17. f3 Nc5 18. Bxh7+ Kh8 19. Bg6 Be8 20. O-O-O Bxg6 21.
Qxg6 f5 22. Rhe1 Qd7 23. Nc2 Rf6 24. Qg5 Qb5 25. Nd4 Nd3+ 26. Rxd3 Qxd3 27.
Nxe6 Rg8 28. Nxg7 Rxg7 29. Qxf6 Qxf3 30. Qh6+ Kg8 31. Re8+ 1-0

[Event "Boeblinger Open 2014"]
[Site "Boeblingen"]
[Date "2014.12.29"]
[Round "7"]
[White "Winterberg, Lukas"]
[Black "Smirnov, Artem"]
[Result "1/2-1/2"]
[WhiteElo "2264"]
[BlackElo "2446"]
[PlyCount "108"]
[EventDate "2014.??.??"]

1. e4 c5 2. Nf3 Nc6 3. c3 Nf6 4. e5 Nd5 5. Bc4 Nb6 6. Bb3 c4 7. Bc2 d6 8. exd6
Bg4 9. h3 Bh5 10. dxe7 Qxe7+ 11. Qe2 Bxf3 12. Qxe7+ Bxe7 13. gxf3 O-O-O 14. b3
Rhe8 15. Kf1 Ne5 16. bxc4 Nd3 17. Bxd3 Rxd3 18. Ke2 Red8 19. Rg1 g5 20. Rg3
Nxc4 21. f4 Rxg3 22. fxg3 gxf4 23. gxf4 Rg8 24. Kd3 Rg1 25. Kc2 Rh1 26. d3 Rh2+
27. Nd2 Ne3+ 28. Kb3 Nd5 29. Ne4 Rxh3 30. Bd2 f5 31. Ng5 Rh2 32. Rd1 Bd6 33.
Ne6 Kd7 34. Nd4 Bxf4 35. Bxf4 Nxf4 36. Nxf5 h5 37. Rf1 Ne2 38. Kc4 h4 39. Nd4
Nxd4 40. Kxd4 h3 41. Rf7+ Ke6 42. Rxb7 Rxa2 43. Rh7 h2 44. c4 Kf5 45. Kc5 Kg4
46. Kb5 Kg3 47. c5 a5 48. Rg7+ Kf3 49. Rh7 Kg2 50. Rg7+ Kf2 51. Rh7 Kg1 52.
Rg7+ Kf2 53. Rh7 Kg1 54. Rg7+ Kf2 1/2-1/2

[Event "Boeblinger Open 2014"]
[Site "Boeblingen"]
[Date "2014.12.30"]
[Round "8"]
[White "Baldauf, Marco"]
[Black "Winterberg, Lukas"]
[Result "0-1"]
[WhiteElo "2393"]
[BlackElo "2264"]
[PlyCount "50"]
[EventDate "2014.??.??"]

1. d4 d5 2. c4 c6 3. Nc3 Nf6 4. e3 e6 5. Nf3 Nbd7 6. Qc2 Bd6 7. b3 O-O 8. Be2
Qe7 9. Bb2 Re8 10. O-O dxc4 11. bxc4 e5 12. a4 e4 13. Nd2 Nf8 14. Qb3 Bb8 15.
Ba3 Qc7 16. g3 h5 17. c5 N8h7 18. Nc4 Qd7 19. f4 exf3 20. Bxf3 h4 21. Ne2 Ng5
22. Bg2 Qg4 23. Ra2 hxg3 24. Ne5 Bxe5 25. dxe5 Be6 0-1

[Event "Boeblinger Open 2014"]
[Site "Boeblingen"]
[Date "2014.12.30"]
[Round "8"]
[White "Mihok, Oliver"]
[Black "Bai, Jinshi"]
[Result "1/2-1/2"]
[WhiteElo "2464"]
[BlackElo "2444"]
[PlyCount "83"]
[EventDate "2014.??.??"]

1. e4 c5 2. Nf3 e6 3. d4 cxd4 4. Nxd4 Nc6 5. Nb5 d6 6. c4 Nf6 7. N1c3 a6 8. Na3
Qa5 9. Bd2 Be7 10. Be2 O-O 11. O-O Qe5 12. Bd3 d5 13. exd5 Bxa3 14. bxa3 exd5
15. cxd5 Nxd5 16. Nxd5 Qxd5 17. Qc2 Qh5 18. Bc3 Be6 19. Rfe1 Rfd8 20. Re3 Nd4
21. Qb2 Qc5 22. Rae1 Rd7 23. Re5 Qd6 24. Rg5 Rad8 25. Qb1 h6 26. Rg3 Qd5 27.
Qc1 Qh5 28. Qf4 Kh8 29. h3 f6 30. Rge3 Qg5 31. Qxg5 hxg5 32. Bxd4 Rxd4 33. Bg6
Bd7 34. Re7 Bc6 35. Rc7 Rd1 36. Rxd1 Rxd1+ 37. Kh2 Rd8 38. f3 Kg8 39. Kg3 Kf8
40. Rf7+ Kg8 41. Rc7 Kf8 42. Rf7+ 1/2-1/2

[Event "Boeblinger Open 2014"]
[Site "Boeblingen"]
[Date "2014.12.31"]
[Round "8"]
[White "Bodrozic, Tomislav"]
[Black "Benzen, Marthe"]
[Result "1-0"]
[WhiteElo "2323"]
[BlackElo "1936"]
[PlyCount "61"]
[EventDate "2014.??.??"]

1. e4 e5 2. Nf3 Nc6 3. d4 exd4 4. Nxd4 Bc5 5. Nb3 Bb6 6. Nc3 d6 7. Qe2 Be6 8.
Be3 Qe7 9. O-O-O Bxe3+ 10. Qxe3 Nf6 11. g3 O-O 12. h3 a5 13. Nd4 Nxd4 14. Qxd4
Nd7 15. f4 Nc5 16. Kb1 f5 17. exf5 Bxf5 18. Bc4+ Be6 19. Rhe1 Rae8 20. Bxe6+
Nxe6 21. Qd5 Qf7 22. Qxb7 Qg6 23. Qd5 Kh8 24. Qd3 Qh6 25. h4 Nc5 26. Rxe8 Rxe8
27. Qb5 Qg6 28. Qxa5 c6 29. Qc7 d5 30. f5 Qxf5 31. Qxc6 1-0

[Event "Boeblinger Open 2014"]
[Site "Boeblingen"]
[Date "2014.12.31"]
[Round "8"]
[White "Dann, Matthias"]
[Black "Prohaszka, Peter"]
[Result "1/2-1/2"]
[WhiteElo "2457"]
[BlackElo "2613"]
[PlyCount "67"]
[EventDate "2014.??.??"]

1. c4 c6 2. Nf3 d5 3. e3 Nf6 4. Nc3 a6 5. Qc2 g6 6. d4 Bf5 7. Bd3 Bxd3 8. Qxd3
Bg7 9. O-O O-O 10. e4 dxe4 11. Nxe4 Nbd7 12. Nxf6+ Nxf6 13. Bf4 Nh5 14. Bg5 h6
15. Be3 Qc7 16. Qb3 Rfd8 17. a4 a5 18. Rfe1 Ra6 19. Qc2 Nf6 20. h3 c5 21. Rad1
cxd4 22. Nxd4 Raa8 23. b3 b6 24. Nb5 Qc6 25. Nc3 e6 26. Qc1 Kh7 27. Nb5 Rd7 28.
Rxd7 Nxd7 29. Rd1 Bf8 30. Bd4 e5 31. Bc3 Re8 32. Rd5 Bc5 33. Qd2 Re7 34. Kf1
1/2-1/2

[Event "Boeblinger Open 2014"]
[Site "Boeblingen"]
[Date "2014.12.31"]
[Round "8"]
[White "Eisenbeiser, Amadeus"]
[Black "Jelica, Mara"]
[Result "1-0"]
[WhiteElo "2377"]
[BlackElo "2191"]
[PlyCount "91"]
[EventDate "2014.??.??"]

1. e4 c5 2. Nf3 Nc6 3. d4 cxd4 4. Nxd4 g6 5. c4 Bg7 6. Nc2 Nf6 7. Nc3 O-O 8.
Be2 d6 9. O-O Be6 10. Ne3 Na5 11. Bd2 Rc8 12. b3 Nd7 13. Rc1 Nc6 14. Kh1 Nd4
15. Bd3 Ne5 16. Bb1 f5 17. Ned5 Nec6 18. Bg5 h6 19. Be3 g5 20. f4 g4 21. Nb5
Nxb5 22. cxb5 Nb8 23. Rxc8 Bxc8 24. Bxa7 Nd7 25. exf5 b6 26. Qe2 Rf7 27. Qf2
Bb7 28. Nxb6 Nf6 29. Nc4 Nh5 30. Ne3 Qa8 31. Bb6 Bf6 32. Kg1 Rg7 33. g3 Bf3 34.
a4 Bc3 35. Bd3 Nf6 36. Qc2 Nd7 37. Qxc3 Nxb6 38. a5 Nd7 39. b4 h5 40. Rc1 Qa7
41. b6 Nxb6 42. axb6 Qxb6 43. Qc8+ Kh7 44. f6+ Rg6 45. Bxg6+ Kxg6 46. Qe8+ 1-0

[Event "Boeblinger Open 2014"]
[Site "Boeblingen"]
[Date "2014.12.31"]
[Round "8"]
[White "Gheng, Josef"]
[Black "Graf, Felix"]
[Result "1/2-1/2"]
[WhiteElo "2315"]
[BlackElo "2472"]
[PlyCount "32"]
[EventDate "2014.??.??"]

1. e4 e6 2. Qe2 c5 3. Nf3 Nc6 4. g3 h5 5. d3 Be7 6. c3 b6 7. h4 d5 8. e5 Nh6 9.
Bxh6 Rxh6 10. Nbd2 f5 11. Ng1 Bb7 12. Bg2 Qc7 13. f4 d4 14. c4 b5 15. a3 b4 16.
Ngf3 Rh8 1/2-1/2

[Event "Boeblinger Open 2014"]
[Site "Boeblingen"]
[Date "2014.12.31"]
[Round "8"]
[White "Gschnitzer, Oswald"]
[Black "Kunin, Vitaly"]
[Result "1/2-1/2"]
[WhiteElo "2407"]
[BlackElo "2589"]
[PlyCount "147"]
[EventDate "2014.??.??"]

1. Nf3 c5 2. c4 Nc6 3. Nc3 e5 4. e3 f5 5. d4 e4 6. Ne5 Nf6 7. Be2 Bd6 8. f4
exf3 9. Nxf3 O-O 10. O-O b6 11. dxc5 Bxc5 12. Nd4 g6 13. Bf3 Bb7 14. Na4 Be7
15. b3 Qb8 16. Bb2 Bd6 17. h3 Bh2+ 18. Kh1 Be5 19. Nc3 Ne7 20. Qd3 a6 21. e4
Qd6 22. Rfd1 Rae8 23. Nxf5 Qxd3 24. Nxe7+ Rxe7 25. Rxd3 Nxe4 26. Nxe4 Bxb2 27.
Rb1 Be5 28. Re1 d6 29. Nd2 Bc8 30. Bd5+ Kg7 31. Nf3 Bf6 32. Rxe7+ Bxe7 33. Kg1
Bf6 34. Bc6 Rd8 35. Kf2 h5 36. Nd2 Be5 37. Ne4 Bf5 38. Rd2 b5 39. cxb5 axb5 40.
a4 bxa4 41. bxa4 Rc8 42. Bd5 Rc1 43. Kf3 Ra1 44. Bc6 Ra3+ 45. Ke2 Bxe4 46. Bxe4
Rxa4 47. Kf3 g5 48. Bd5 Kf6 49. Rd1 g4+ 50. hxg4 hxg4+ 51. Ke3 Kg5 52. Rd3 Ra5
53. Bb3 Rb5 54. Ke4 Rb4+ 55. Ke3 Kh4 56. Ke2 Rb8 57. Bd5 Rb2+ 58. Rd2 Rb5 59.
Rd3 Bf4 60. Bb3 Re5+ 61. Kd1 Re7 62. Bd5 Be3 63. Ke2 Bc5+ 64. Kd1 Re5 65. Bc6
Re7 66. Bd5 Kg5 67. Bc6 Kf4 68. Bd5 Ra7 69. Ke2 Ra1 70. Rd1 Ra4 71. Rd3 Ke5 72.
Bc6 Ra2+ 73. Rd2 Ra6 74. Bd5 1/2-1/2

[Event "Boeblinger Open 2014"]
[Site "Boeblingen"]
[Date "2014.12.31"]
[Round "8"]
[White "Juhasz, Barbara"]
[Black "Gohil, Harry"]
[Result "1-0"]
[WhiteElo "2165"]
[BlackElo "2313"]
[PlyCount "127"]
[EventDate "2014.??.??"]

1. e4 c5 2. Nf3 Nc6 3. d3 g6 4. g3 Bg7 5. Bg2 d6 6. O-O e5 7. c3 Nge7 8. a3 O-O
9. b4 b6 10. b5 Nb8 11. a4 a6 12. Na3 d5 13. Bb2 axb5 14. axb5 d4 15. cxd4 exd4
16. Nd2 Bb7 17. Nac4 Nc8 18. Rxa8 Bxa8 19. f4 Nd7 20. h3 Qe7 21. g4 g5 22. fxg5
Qxg5 23. Rf5 Qe7 24. Bc1 Nd6 25. Nxd6 Qxd6 26. Nc4 Qe6 27. Bf4 Bb7 28. e5 Bxg2
29. Kxg2 Qd5+ 30. Qf3 Qxf3+ 31. Kxf3 Re8 32. Bg3 Re6 33. g5 h6 34. h4 hxg5 35.
hxg5 Bf8 36. Ke4 Be7 37. Kd5 Rg6 38. Nd6 Bxg5 39. Nxf7 Bd2 40. Bf4 Bxf4 41.
Rxf4 Nf8 42. Nd6 Rg3 43. Kc4 Rg5 44. Re4 Ne6 45. Nc8 Kg7 46. Nxb6 Kg6 47. Nd7
Rg1 48. b6 Rb1 49. Kd5 Nd8 50. Kxc5 Nb7+ 51. Kc6 Na5+ 52. Kc7 Rc1+ 53. Kb8 Nc6+
54. Kb7 Na5+ 55. Ka6 Nc6 56. b7 Rb1 57. e6 Nb4+ 58. Kb6 Nxd3+ 59. Kc7 Nb4 60.
b8=Q Na6+ 61. Kc8 Rc1+ 62. Kb7 Nxb8 63. Kxb8 Kf5 64. Re5+ 1-0

[Event "Boeblinger Open 2014"]
[Site "Boeblingen"]
[Date "2014.12.31"]
[Round "8"]
[White "Kabisch, Thilo"]
[Black "Noe, Christopher"]
[Result "1-0"]
[WhiteElo "2211"]
[BlackElo "2375"]
[PlyCount "69"]
[EventDate "2014.??.??"]

1. e4 c5 2. Nf3 e6 3. d4 cxd4 4. Nxd4 a6 5. c4 Qc7 6. Nc3 d6 7. b3 Nf6 8. Bb2
b6 9. Bd3 Bb7 10. Rc1 Nbd7 11. Qe2 Be7 12. O-O O-O 13. Kh1 Rac8 14. f4 Qb8 15.
Bb1 Rfe8 16. Rce1 g6 17. Rf3 Nc5 18. Rh3 e5 19. fxe5 dxe5 20. Nf3 Ne6 21. Qf2
Nf4 22. Rh4 N6h5 23. Rg4 Nf6 24. Nxe5 Nxg4 25. Nxg4 h5 26. Nh6+ Kg7 27. Nf5+
gxf5 28. Nd5+ f6 29. Nxf4 Kf7 30. Qh4 Rh8 31. exf5 Qd6 32. Ng6 Rh7 33. Rxe7+
Kg8 34. Qe1 Qc6 35. Be4 1-0

[Event "Boeblinger Open 2014"]
[Site "Boeblingen"]
[Date "2014.12.31"]
[Round "8"]
[White "Kabisch, Thilo"]
[Black "Noe, Christopher"]
[Result "1-0"]
[WhiteElo "2211"]
[BlackElo "2375"]
[PlyCount "68"]
[EventDate "2014.??.??"]

1. e4 c5 2. Nf3 e6 3. d4 cxd4 4. Nxd4 a6 5. c4 Qc7 6. Nc3 d6 7. b3 Nf6 8. Bb2
b6 9. Bd3 Bb7 10. Rc1 Nbd7 11. Qe2 Be7 12. O-O O-O 13. Kh1 Rac8 14. f4 Qb8 15.
Bb1 Rfe8 16. Rce1 g6 17. Rf3 Nc5 18. Rh3 e5 19. fxe5 dxe5 20. Nf3 Ne6 21. Qf2
Nf4 22. Rh4 N6h5 23. Rg4 Nf6 24. Nxe5 Nxg4 25. Nxg4 h5 26. Nh6+ Kg7 27. Nf5+
gxf5 28. Nd5+ f6 29. Nxf4 Kf7 30. Qh4 Rh8 31. exf5 Qd6 32. Ng6 Rh7 33. Rxe7+
Kg8 34. Qe1 Qc6 1-0

[Event "Boeblinger Open 2014"]
[Site "Boeblingen"]
[Date "2014.12.31"]
[Round "8"]
[White "Kvetny, Mark"]
[Black "Haas, Wilhelm"]
[Result "1-0"]
[WhiteElo "2335"]
[BlackElo "2176"]
[PlyCount "80"]
[EventDate "2014.??.??"]

1. d4 d5 2. c4 e6 3. Nc3 Nf6 4. cxd5 exd5 5. Bg5 Be7 6. e3 c6 7. Bd3 O-O 8. Qc2
Nbd7 9. Nge2 Re8 10. O-O Nf8 11. f3 h6 12. Bh4 Be6 13. Rad1 Rc8 14. Kh1 Nh5 15.
Bxe7 Qxe7 16. g4 Nf6 17. Ng3 N6h7 18. Qg2 Qh4 19. Nce2 Rc7 20. Nf4 Kh8 21. Qf2
Bc8 22. Rde1 Qf6 23. Nfh5 Qd6 24. Rg1 g6 25. Nf4 Rce7 26. Bb1 b6 27. Nd3 Ng5
28. Kg2 c5 29. h4 Nge6 30. Qd2 Kh7 31. Ne5 cxd4 32. exd4 Kg7 33. f4 Nc7 34. f5
Nb5 35. g5 Rxe5 36. dxe5 Rxe5 37. a4 Rxe1 38. Rxe1 Nc7 39. Qd4+ Kh7 40. Ne4
Nce6 1-0

[Event "Boeblinger Open 2014"]
[Site "Boeblingen"]
[Date "2014.12.31"]
[Round "8"]
[White "Lampert, Jonas"]
[Black "Braun, Arik"]
[Result "1/2-1/2"]
[WhiteElo "2453"]
[BlackElo "2549"]
[PlyCount "69"]
[EventDate "2014.??.??"]

1. e4 c6 2. d4 d5 3. Nc3 dxe4 4. Nxe4 Bf5 5. Ng3 Bg6 6. h4 h6 7. Nf3 e6 8. Ne5
Bh7 9. Bd3 Bxd3 10. Qxd3 Nd7 11. f4 Bb4+ 12. c3 Be7 13. O-O Bxh4 14. Nh5 Bf6
15. Qg3 Qe7 16. Nxg7+ Bxg7 17. Qxg7 Qf6 18. Qxf6 Ngxf6 19. Nxd7 Nxd7 20. f5 Ke7
21. b3 e5 22. dxe5 Nxe5 23. Bf4 f6 24. Rae1 Rae8 25. Bxe5 fxe5 26. Rxe5+ Kf6
27. Ra5 a6 28. Ra4 h5 29. Rd4 Rd8 30. Re4 Rde8 31. Rd4 Rd8 32. Re4 Rde8 33.
Ref4 Rhg8 34. Rd1 Rd8 35. Rfd4 1/2-1/2